Les meubles - Statistiques

Statistiques générales
  • Ce quiz a été pris 216 fois
  • Le résultat moyen est 10 sur 19
Statistiques - réponses
Hint Réponse % Correct
chambre à coucher le lit
99%
cuisine la table
93%
salon le canapé
83%
cuisine la chaise
81%
cuisine le four
71%
salle de bains la douche
70%
salon le fauteuil
68%
salle de bains la baignoire
66%
cuisine le frigo
66%
salle de bains le lavabo
64%
chambre à coucher la commode
60%
chambre à coucher l'armoire
48%
cuisine le lave-vaisselle
40%
cuisine l'évier
37%
salon le tapis
33%
salle de bains le miroir
27%
salon l'étagère
14%
cuisine la poubelle
10%
salon le rideau
6%
Aucun quiz correspondant
Distribution des résultats
% des personnes avec chaque résultat
Percentile par nombre de réponses
Votre historique - résultats
Vous n’avez pas pris ce quiz